000 00477nam a2200169Ia 4500
999 _c16523
_d16523
003 OSt
005 20200606115933.0
008 190216s9999||||xx |||||||||||||| ||und||
040 _cMESKC library
082 _a954
_bPUR/E
100 _aPurohit, Shrinath
_9381
245 0 _aEak Aur Krantikari /
_cShrinath Purohit
260 _bMoolchand Yend Company,
_c2008.
_aJaipur:
300 _a32p
650 _aHindi
942 _cBK
_2ddc
_h954
_iPUR/E
_k954
_mPUR/E